Maurras is back (notice n° 1516904)
[ vue normale ]
| 000 -LEADER | |
|---|---|
| fixed length control field | 00771cam a2200157 4500500 |
| 005 - DATE AND TIME OF LATEST TRANSACTION | |
| control field | 20251012005151.0 |
| 041 ## - LANGUAGE CODE | |
| Language code of text/sound track or separate title | fre |
| 042 ## - AUTHENTICATION CODE | |
| Authentication code | dc |
| 100 10 - MAIN ENTRY--PERSONAL NAME | |
| Personal name | Gautier, Benoît |
| Relator term | author |
| 245 00 - TITLE STATEMENT | |
| Title | Maurras is back |
| 260 ## - PUBLICATION, DISTRIBUTION, ETC. | |
| Date of publication, distribution, etc. | 2025.<br/> |
| 500 ## - GENERAL NOTE | |
| General note | 83 |
| 520 ## - SUMMARY, ETC. | |
| Summary, etc. | El posliberalismo católico estadounidense se inspira en los contrarrevolucionarios y en Maurras para defender la moral definida por la Iglesia en detrimento de los derechos humanos. Parece estar recobrando relevancia dentro del catolicismo francés desde «La manif pour tous», lo que debería ser alertar a la Iglesia. |
| 786 0# - DATA SOURCE ENTRY | |
| Note | Esprit | Juillet-Août | 7-8 | 2025-07-02 | p. 101-109 | 0014-0759 |
| 856 41 - ELECTRONIC LOCATION AND ACCESS | |
| Uniform Resource Identifier | <a href="https://shs.cairn.info/revista-esprit-2025-7-8-page-101?lang=es&redirect-ssocas=7080">https://shs.cairn.info/revista-esprit-2025-7-8-page-101?lang=es&redirect-ssocas=7080</a> |
Pas d'exemplaire disponible.




Réseaux sociaux